000 00785cam a2200217 4500
020 _a0835207013
040 _cDLC
082 0 0 _a301 ORY 1974 A074 Or.
100 1 _aWilson, William K.
245 1 0 _aWorld directory of environmental research centers,
250 _a2d ed.
260 _aNew York,
_bOryx Press; distributed by R. R. Bowker Co.,
_c1974.
300 _axi, 330 p.
_c29 cm.
500 _aFirst ed. compiled by W. A. Mordy and P. A. Sholtys, published in 1970 under title: Directory of organizations concerned with environmental research.
500 _a"Sponsored by Lake Erie Environmental Studies (LEES) Program."
650 0 _aEnvironmental policy
700 1 _aDowd, Morgan D.,
700 1 _aSholtys, Phyllis A.,
700 1 _aMordy, Wendell A.,
942 _cEK
999 _c15202
_d15202